Most Streamed Juice WRLD Songs - Statistics

General Stats
  • This quiz has been taken 154 times
    63 since last reset
  • The average score is 11 of 20
Answer Stats
# Streams Answer % Correct
1 2,969,960,170 Lucid Dreams
100%
2 1,995,652,326 All Girls Are The Same
97%
4 1,498,919,759 Robbery
92%
20 539,165,741 GO
75%
8 1,035,090,831 Bandit
72%
3 1,778,783,862 Godzilla
72%
6 1,066,623,348 Wishing Well
72%
5 1,082,609,088 Come & Go
61%
10 919,111,154 Armed And Dangerous
58%
16 583,954,718 Empty
56%
7 1,052,319,653 Lean Wit Me
56%
12 745,685,292 Wasted
56%
15 589,891,206 Black & White
53%
9 923,319,191 Hate Me
53%
11 774,692,002 Legends
33%
13 681,907,798 Let Me Know (I Wonder Why Freestyle)
31%
14 620,336,890 Righteous
31%
17 573,429,878 1400 / 999 Freestyle
19%
19 548,569,293 Ransom - Remix
19%
18 563,748,097 Hide
17%
No matching quizzes found
Score Distribution
Percent of People with Each Score
Percentile by Number Answered
Your Score History
You have not taken this quiz since the last reset